Контроллинг: учебник

Opis bibliograficzny
Kolejni autorzy: Карминский А. М. Александр Маркович (редактор), Фалько С. Г. Сергей Григорьевич
Streszczenie:Изложены методологические основы и практика разработки и внедрения систем контроллинга. Рассмотрены функции, задачи и инструменты контроллинга функциональных областей деятельности организации, особенности оперативного и стратегического контроллинга. Особое внимание уделено информационной поддержке контроллинга. Проанализирован опыт внедрения систем контроллинга на отечественных предприятиях различных отраслей народного хозяйства. В отличие от первого издания (2006г.) определены перспективы развития контроллинга у нас в стране. Для студентов, преподавателей и аспирантов экономических вузов и факультетов, а также для бизнесменов, стремящихся к построению эффективных систем управления.
Język:rosyjski
Wydane: Москва, Финансы и статистика, 2009
Wydanie:2-е изд., доп.
Hasła przedmiotowe:
Format: Książka
KOHA link:https://koha.lib.tpu.ru/cgi-bin/koha/opac-detail.pl?biblionumber=180768

MARC

LEADER 00000nam0a2200000 4500
001 180768
005 20231101223554.0
010 |a 9785279034208 
010 |a 978-5-16-003743-1 
035 |a (RuTPU)RU\TPU\book\195969 
035 |a RU\TPU\book\134447 
090 |a 180768 
100 |a 20071030d2009 m y0rusy50 ca 
101 0 |a rus 
102 |a RU 
105 |a a j 001zy 
200 1 |a Контроллинг  |e учебник  |f под ред. А. М. Карминского и С. Г. Фалько 
205 |a 2-е изд., доп. 
210 |a Москва  |c Финансы и статистика  |d 2009 
215 |a 334 с.  |c ил. 
320 |a Глоссарий: с. 321-327. 
320 |a Список сокращений: с. 328-331. 
320 |a Предметный указатель: с. 332-335. 
330 |a Изложены методологические основы и практика разработки и внедрения систем контроллинга. Рассмотрены функции, задачи и инструменты контроллинга функциональных областей деятельности организации, особенности оперативного и стратегического контроллинга. Особое внимание уделено информационной поддержке контроллинга. Проанализирован опыт внедрения систем контроллинга на отечественных предприятиях различных отраслей народного хозяйства. В отличие от первого издания (2006г.) определены перспективы развития контроллинга у нас в стране. Для студентов, преподавателей и аспирантов экономических вузов и факультетов, а также для бизнесменов, стремящихся к построению эффективных систем управления. 
606 1 |a Контроллинг в управлении предприятием  |2 stltpush  |3 (RuTPU)RU\TPU\subj\39712  |9 59669 
610 1 |a экономика 
610 1 |a управление 
610 1 |a предприятия 
610 1 |a история 
610 1 |a управленческий учет 
610 1 |a внешняя среда 
610 1 |a маркетинг 
610 1 |a логистика 
610 1 |a финансовый консалтинг 
610 1 |a инвестиции 
610 1 |a инновации 
610 1 |a персонал 
610 1 |a информационные технологии 
610 1 |a службы контроллинга 
610 1 |a практика 
610 1 |a примеры 
610 1 |a учебники 
686 |a У9(2)212.4я73  |v LBC/SL-A  |2 rubbk 
686 |a У9(2)29-2я73  |v LBC/SL-A  |2 rubbk 
702 1 |a Карминский  |b А. М.  |g Александр Маркович  |4 340 
702 1 |a Фалько  |b С. Г.  |g Сергей Григорьевич  |4 340 
801 1 |a RU  |b 63413507  |c 20100526 
801 2 |a RU  |b 63413507  |c 20150825  |g RCR 
900 |a Контроллинг и аудит деятельности предприятия 
942 |c BK 
959 |a 33/20100524  |d 2  |e 279,90  |f АНЛ:1  |f ЧЗГЛ:1